LEADER 02095 am 22006613u 450 001 9910156508403321 005 20230422032047.0 010 $a90-04-28637-3 024 7 $a10.1163/9789004286375 035 $a(CKB)2670000000575378 035 $a(SSID)ssj0001489488 035 $a(PQKBManifestationID)16478694 035 $a(PQKBTitleCode)TC0001489488 035 $a(PQKBWorkID)11457722 035 $a(PQKB)23370134 035 $a(OCoLC)609465939 035 $z(OCoLC)29438032 035 $a(nllekb)BRILL9789004286375 035 $a(WaSeSS)IndRDA00056724 035 $a(WaSeSS)IndRDA00125086 035 $a(oapen)https://directory.doabooks.org/handle/20.500.12854/38322 035 $a(PPN)184918030 035 $a(EXLCZ)992670000000575378 100 $a20200630d1955 uy 0 101 0 $aeng 135 $aurcn#nnn||||| 181 $ctxt$2rdacontent 182 $cc$2rdamedia 183 $acr$2rdacarrier 200 10$aNineteenth-century Borneo $ea study in diplomatic rivalry /$fGraham Irwin 210 $cBrill$d1955 210 1$aHague, Netherlands :$cMartinus Nijhoff,$d1955. 215 $a1 online resource (xi, 251 pages) $cillustrations, 4 maps; digital file(s) 225 1 $aVerhandelingen van het Koninklijk Instituut voor Taal-, Land- en Volkenkunde ;$vDeel XV 320 $aIncludes bibliographical references (pages 221-242). 330 $aIndonesia 410 0$aVerhandelingen van het Koninklijk Instituut voor Taal-, Land- en Volkenkunde ;$vDeel XV. 606 $aAsian history$2bicssc 607 $aBorneo$xHistory 610 $aindonesia 610 $aBanjarmasin 610 $aBorneo 610 $aBrunei 610 $aForeign and Commonwealth Office 610 $aJava 610 $aLabuan 610 $aNetherlands 610 $aSarawak 615 7$aAsian history 676 $a959.83 700 $aIrwin$b Graham$0989857 801 0$bWaSeSS 801 1$bWaSeSS 801 2$bUkMaJRU 906 $aBOOK 912 $a9910156508403321 996 $aNineteenth-century Borneo$92264087 997 $aUNINA LEADER 01142nam0 22002771i 450 001 UON00426627 005 20231205104849.776 100 $a20130611d1969 |0itac50 ba 101 $ager 102 $aDE 105 $a|||| ||||| 200 1 $a20. Juli 1944$edie Deutsche Opposition gegen Hitler im Urteil der ausländischen Geschichtsschreibung. Eine Antologie$fherausgegeben von Hans-Adolf Jacobsen 210 $aBonn$cPresse- und Informationsamt der Bundesregierung$d1969 215 $a350 p.$d21 cm. 606 $aNAZISMO$3UONC037517$2FI 606 $aGERMANIA$xStoria$x1933-1945$3UONC062647$2FI 620 $aDE$dBonn$3UONL000478 676 $a940$cStoria d'Europa$v21 702 1$aJACOBSEN$bHans-Jacob$3UONV216824 712 $aPresse und Informationsamt der Bundesregierung$3UONV280563$4650 801 $aIT$bSOL$c20240220$gRICA 899 $aSIBA - SISTEMA BIBLIOTECARIO DI ATENEO$2UONSI 912 $aUON00426627 950 $aSIBA - SISTEMA BIBLIOTECARIO DI ATENEO$dSI TED 10 a JAC 01 $eSI 2941 5 01 996 $a20$91371603 997 $aUNIOR